Statistics for Inland Empire Cities Quiz

Click here to take the quiz!

General Stats

  • This quiz has been taken 452 times
  • The average score is 16 of 38

Answers on the Map

Answers color-coded by a green-red scale on the quiz's map according to % correct below.
 

Answer Stats

Answer% Correct
Riverside
93%
San Bernardino
90%
Ontario
69%
Fontana
66%
Rancho Cucamonga
66%
Moreno Valley
58%
Corona
57%
Chino
55%
Redlands
54%
Temecula
53%
Rialto
51%
Colton
45%
Hemet
45%
Chino Hills
43%
Upland
43%
Yucaipa
43%
Perris
42%
Jurupa Valley
41%
Eastvale
40%
Murrieta
40%
Beaumont
39%
Lake Elsinore
35%
Montclair
34%
Norco
34%
Victorville
33%
Highland
32%
Loma Linda
32%
Menifee
32%
Banning
31%
Apple Valley
26%
Hesperia
25%
Grand Terrace
24%
San Jacinto
22%
Calimesa
20%
Wildomar
16%
Adelanto
14%
Big Bear Lake
12%
Canyon Lake
11%

Score Distribution

Percentile by Number Answered

Percent of People with Each Score

Your Score History

You have not taken this quiz